000 00343nam a2200157Ia 4500
008 240830s1960 xx 000 0 und d
041 _amar
082 _a1
100 _aKALOKHE
245 _aAGNIMADYA (DYSPEPSIA)
250 _a1
260 _bN.D.
_c1960
300 _a100p
906 _aAGNIMADYA (DYSPEPSIA)
999 _c1183898
_d1183898